000 01207nam0a22002411 4500
001 rc\2762930
005 20260407141918.0
035 _a(NLR Aleph) 006889488
090 _a7131390
_c7131390
100 _a20110915d1940 |||y0rusy50 ca
101 0 _arus
102 _aRU
105 _ay z |||||
200 1 _aСанитарные правила по устройству отхожих мест и содержанию приемников для нечистот, мусора и отбросов в полевых условиях
_e[Утв. Сан. упр. Кр. Армии и Квартирно-эксплоатац. упр. Кр. Армии]
210 _aМосква
_aЛенинград
_cМедгиз
_d1940
_eМосква
215 _a8 с., без тит. л.
_d13 см.
712 0 1 _aСССР
_bГлавное военно-санитарное управление Красной Армии
_9519236
_3RU\NLR\AUTH\8810010786
712 0 1 _aСССР
_bКвартирно-эксплоатационное управление Красной Армии
_9450403
_3RU\NLR\AUTH\889976805
801 0 _aRU
_bNLR
_gpsbo
801 1 _aRU
_bELAR
_2rusmarc
852 _aNLR
_j40-8/1894
942 _cBOOK
980 _aNB